[Event "Samba Cup 2nd"]
[Site "Skanderborg"]
[Date "2005.10.15"]
[Round "2"]
[White "Carlsen, Magnus"]
[Black "Hansen, Lars Bo"]
[Result "1/2-1/2"]
[WhiteElo "2570"]
[BlackElo "2565"]
[Annotator "Mueller,Karsten"]
[PlyCount "163"]
[EventDate "2005.10.14"]
[EventType "tourn"]
[EventRounds "9"]
[EventCountry "DEN"]
[EventCategory "16"]
[SourceTitle "CBM 110"]
[Source "ChessBase"]
[SourceDate "2006.01.31"]
[SourceVersion "1"]
[SourceVersionDate "2006.01.31"]
[SourceQuality "1"]

1. e4 {Lukacs,Peter} c6 2. d4 d5 3. Nd2 dxe4 4. Nxe4 Bf5 5. Ng3 Bg6 6. h4 h6 7. Nf3 Nd7 8. h5 Bh7 9. Bd3 Bxd3 10. Qxd3 e6 11. Bf4 Qa5+ 12. Bd2 Bb4 13. c3 Be7 14. c4 ({RR} 14. Ne4 Ngf6 15. Nxf6+ ({RR} 15. c4 Qa6 16. Nxf6+ Nxf6 17. Qe2 O-O 18. Ne5 Rad8 19. Bc3 b5 20. b3 bxc4 21. Qxc4 Qxc4 22. bxc4 Rc8 23. Rd1 Ne4 24. Ba5 Bd8 25. Bb4 Re8) 15... gxf6 16. a4 O-O-O 17. b4 Qd5 18. c4 Ne5 19. Nxe5 Qxe5+ 20. dxe5 Rxd3 21. exf6 Bxf6 22. Ra2 Rd4 23. Rc2 Re4+ 24. Kf1 Bg5 25. f4 Be7) 14... Qc7 15. O-O Ngf6 16. Rfe1 ({RR} 16. Qe2 O-O 17. Ne5 Rad8 18. Ng6) 16... O-O ({RR} 16... O-O-O 17. b4) 17. Nf5 ({RR} 17. Qe2 Rad8 18. Bc3 Bd6 19. Ne5 c5 20. dxc5 ({RR} 20. Nxd7 Rxd7 21. d5 Bxg3 22. Bxf6 Bh2+ 23. Kh1 gxf6 24. g3 exd5 25. Kxh2 d4) 20... Bxe5 21. Bxe5 Qxe5 22. Qxe5 Nxe5 23. Rxe5 Nd7 24. Re3 Nxc5) 17... Bd6 18. Nxd6 Qxd6 19. Qb3 c5 ({RR} 19... a5 20. Rad1 b5 21. Ne5 ({RR} 21. cxb5 Rfb8 ({RR} 21... a4 22. Qb4 Qxb4 23. Bxb4 Rfb8 24. bxc6 Rxb4 25. cxd7 Rxb2) 22. Ne5 Rxb5 23. Qc3 a4 24. Bxh6 gxh6 25. Qg3+ Kh7 ({RR} 25... Kf8 26. Ng6+) 26. Qd3+ Kg7 27. Qg3+ Kh7) 21... bxc4 22. Qxc4 ({RR} 22. Nxc4 Qd5) 22... Rfc8 23. Qe2 Qd5 24. Bf4 Rd8 ({RR} 24... Qxa2 25. Rd3 Qd5 26. Rg3 Kf8 27. Nxd7+ Qxd7 28. Be5 Qe7 29. Qf3) 25. Rd3 Nxe5 26. Bxe5 Nd7 27. Rg3 ({RR} 27. Bc7 Rdc8 28. Be5 Nxe5 29. dxe5 Qxa2 30. Rg3 Kh8) 27... Nxe5 28. dxe5 {½-½ (28) Dominguez Perez,L (2635)-Dreev,A (2694) Beersheba 2005 CBM 110 [Lukacs,Peter]}) ({RR} 19... Qc7 20. Ne5 c5 21. Nxd7 Nxd7 22. Bc3 cxd4 23. Bxd4 Rac8) 20. Rad1 cxd4 $146 ({RR} 20... Rfc8 21. Bc3 cxd4 22. Rxd4 Qc7 23. Qd1 a6 24. Qe2 b5 25. cxb5 axb5 26. Qxb5 Rxa2 27. Red1 Ra7 28. Ra4 Rxa4 29. Qxa4 Nb6 30. Qa5 Nfd5 31. Bd4 Qc2 32. Qe1 Nd7 33. Ra1 Qf5 34. Ne5 Nf4 35. g3 {Gundavaa,B (2477)-Rodshtein,M (2623) Puerto Madryn 2009 0-1 (47)}) 21. Bb4 Nc5 22. Ne5 ({RR} 22. Qa3 b6 23. Nxd4 a5) 22... b6 ({RR} 22... a5 23. Bxc5 Qxc5 24. Qxb7 Rab8 25. Qf3 a4) ({RR} 22... Rac8 23. Qf3) 23. Qf3 Nfd7 24. Nxd7 Qxd7 25. Bc3 e5 26. Rxe5 dxc3 ({RR} 26... Ne6 27. Bxd4 Nxd4 28. Qe4 Qa4 29. Qxd4) 27. Rxd7 Nxd7 28. Re2 cxb2 29. Rxb2 Nf6 30. Rd2 Rac8 31. Rd4 Rc5 32. g4 b5 33. cxb5 Rxb5 34. Kg2 Rg5 35. Kh3 Nh7 36. Qb3 Re5 37. Kg3 Re6 38. Qd3 Rfe8 39. Rd8 Rxd8 40. Qxd8+ Nf8 41. a4 g5 42. hxg6 Rxg6 43. f4 a6 44. f5 Rc6 45. a5 Kg7 46. Qd5 Rf6 47. Kf4 Ng6+ 48. Ke4 Nf8 49. Ke5 Ng6+ $5 {[%mdl 4352] Hansen wickelt lieber in eine Festung ab, anstatt sich auf} (49... Nh7 $6 50. Qd8 Rc6 51. Qb6 Rf6 {einzulassen. Allerdings habe ich auch hier keinen Weg gefunden, die schwarze Burgmauer zu erstürmen.}) 50. fxg6 Rxg6 51. Qd4 Kg8 52. Kf5 Kh7 53. Qd8 Kg7 54. Qc8 Rf6+ 55. Ke5 Re6+ 56. Kd5 Rg6 57. Kc5 Re6 58. Qb8 Rg6 59. Qb2+ Kh7 60. Qd4 Kg8 61. Qd8+ Kg7 62. Qb6 Re6 63. Qb2+ Kh7 64. Kd5 Rg6 65. Ke5 Kg8 66. Kf4 Kh7 67. Kf5 Kg8 68. Qb6 Kg7 69. Qd8 Rg5+ 70. Kf4 Rg6 71. Kg3 Re6 72. Kh3 Rg6 73. Kh4 Re6 74. Qd4+ Kh7 75. Qf4 Kg7 76. g5 hxg5+ 77. Kxg5 Rg6+ 78. Kh5 Kg8 79. Qd4 Kh7 80. Qe5 Kg8 81. Qe3 Kg7 82. Qb6 1/2-1/2

[Event "Samba Cup 2nd"]
[Site "Skanderborg"]
[Date "2005.10.17"]
[Round "4"]
[White "Carlsen, Magnus"]
[Black "Zhang, Pengxiang"]
[Result "1/2-1/2"]
[WhiteElo "2570"]
[BlackElo "2613"]
[Annotator "Ribli,Zoltan"]
[PlyCount "95"]
[EventDate "2005.10.14"]
[EventType "tourn"]
[EventRounds "9"]
[EventCountry "DEN"]
[EventCategory "16"]
[SourceTitle "CBM 110"]
[Source "ChessBase"]
[SourceDate "2006.01.31"]
[SourceVersion "1"]
[SourceVersionDate "2006.01.31"]
[SourceQuality "1"]

1. e4 c5 2. Nf3 e6 3. d4 cxd4 4. Nxd4 Nc6 5. Nc3 a6 6. Be3 Nf6 7. Bd3 {Die Alternative 7.d2 wäre weniger stark, da mit 7...b4 8.f3 d5 Schwarz aktives Spiel erhält.} Qc7 8. O-O Ne5 9. Nf3 {Das ist eine Nebenvariante, die zu scharfem taktischem Spiel führt. Die Hauptvariante ist 9.h3. Der chinesische Großmeister spielte ebenfalls diese Variante mit Weiß vor ein paar Jahren.} Bd6 {Eine selten gespielte Fortsetzung, aber sie erscheint logisch, da Schwarz eine neue Figur entwickelt.} (9... Nfg4) (9... Neg4 $5 10. Bd2 d6 11. Ne2 Be7 12. c4 O-O 13. Rc1 b6 14. Nc3 Bb7 15. Qe2 Nd7 $11 {½-½ Carlsen,M-Ivanchuk,V/Samba Cup (6) 2005/CBM 110 (33)}) 10. Nxe5 Bxe5 11. f4 Bxc3 12. bxc3 Qxc3 {Schwarz hat einen Bauern mehr, aber Weiß hat das Läuferpaar und Entwicklungsvorteil.} (12... d6 13. c4 e5 14. Kh1 Ng4 15. Bg1 exf4 16. Rxf4 Ne5 17. Qh5 Be6 18. Bd4 O-O 19. Raf1 f6 {½-½ Djurhuus,R-Akesson,R/Karlstad 2005/(60)}) 13. e5 {Dieser Zug kommt mit Tempo und scheint mir viel konsequenter, als die Alternativen.} (13. Qf3 d5 (13... b5 14. e5 (14. Rab1 Bb7 15. a4) 14... Nd5 15. f5 Qxe5 16. fxe6 Qxe3+ 17. Qxe3 Nxe3 18. exf7+ Kf8 19. Rfe1 $13) 14. e5 (14. exd5 Nxd5 15. f5) 14... Ne4 15. Bxe4 dxe4 16. Qxe4 Bd7 17. Qd4 (17. Rad1 Bc6 18. Qd4 Qxd4 (18... Qxc2 19. Rd2 $44) 19. Bxd4) 17... Qxd4 18. Bxd4 O-O 19. Rab1 Bb5 20. Rf2 Rac8 21. c3 Rc4 {0-1 Gruskovnjak,T-Farago,I/TCh-SLO, Celje SLO 2003 (74)}) (13. Rb1 Nxe4 14. Rb3 Qc6 15. Rb6 Qc3 16. Rb3 Qc6 17. Rb6 Qc3 18. Rb3 {½-½ Cernousek,L-Gara,A/Budapest 2004/(18)}) 13... Nd5 14. Bd2 Qd4+ {Die schwarze Dame steht aktiver auf d4, als auf c5; z.B. im Falle vom später folgendem f4-f5 wird der e5 kontrolliert.} (14... Qc5+ 15. Kh1 b5 16. f5 Bb7 17. Qh5 (17. fxe6 dxe6 18. Qg4 h5 19. Qxg7 O-O-O 20. Qxf7 Rhg8 21. Rf2 Nc7 22. Raf1 h4 23. h3 Rg3 24. Kh2 Rdg8 25. Rg1 Qd5 $44 {0-1 Jansa,V-Kveinys,A/Prague 1993/CBM 37 (44)}) (17. a4 b4 18. Qg4 g6 19. fxg6 hxg6 20. Rxf7 Ne3 (20... Kxf7 21. Qxg6+ $18) 21. Bxe3 Qxe5 22. Bg1 Qxa1 23. Bxg6 O-O-O (23... Kd8 24. Qxb4 Bc6 25. a5 $36 (25. Be4 Rxh2+ 26. Kxh2 Qe5+ 27. Kh1 Qh5+ 28. Bh2 Qd1+ $11 (28... Qxf7 29. Bxc6 Qf1+ 30. Bg1 dxc6 31. Qd6+ Kc8 32. Qxc6+ Kb8 33. Qb6+ Kc8 34. Qxe6+ Kb8 35. Qe8+ Kb7 36. Qd7+ Kb8 37. c4 $18))) 24. Qc4+ Kb8 25. Qf4+ Kc8 $11) 17... O-O-O 18. Qe2 exf5 19. c4 bxc4 20. Bxc4 Nc7 21. Rfc1 Qa3 22. Rab1 Bc6 23. Bb4 Qa4 24. Bd6 f4 25. Qf2 Nb5 26. Bxb5 axb5 27. Qb6 {1-0 Andrzejewska,E-Blimke,D/Brzeg Dolny 2001/(27)}) 15. Kh1 b5 {Mit diesem Zug sichert Schwarz die Springerstellung auf d5; c2-c4 kommt aufgrund des Läuferverlustes nicht in Betracht. Nun plant Schwarz, seinen Läufer auf b7 zu positionieren.} 16. f5 $146 ({RR} 16. Qh5 Bb7 17. Rae1 O-O-O 18. Re4 Qb6 19. c4 f5 20. Ree1 Qd4 21. Qe2 bxc4 22. Bxc4 Qe4 23. Bxd5 Qxd5 24. Bb4 Kb8 25. Bd6+ Ka8 26. Rd1 Qc6 27. Rc1 Qa4 28. Rc4 Qb5 29. a4 Qb3 30. Rb4 Qd5 {Ter Schegget,B (2139)-Scherpenisse,K (1981) Haarlem 2007 1-0 (34)}) 16... exf5 (16... Bb7 17. Qh5 $1 $36 (17. fxe6 dxe6 18. Qh5 g6 19. Qf3 O-O 20. Bh6 Qxe5 $13)) (16... Qxe5 17. a4 $36 (17. Qg4 $36)) 17. Qf3 g6 (17... O-O 18. Qxf5 g6 19. Qf3 $40) 18. c3 Qc5 19. c4 $1 bxc4 20. Rac1 $44 {[%csl Re8] Weiß hat schon drei Bauern weniger, aber er hat starkes Figurenspiel, während Schwarz Entwicklungsprobleme hat .} Bb7 (20... c3 21. Bxc3 O-O 22. Bd2 $36 {[%cal Rc1c5,Gd2h6]}) 21. Bxc4 Bc6 22. Bb3 Qb5 23. Qg3 (23. Bh6 $5) 23... O-O 24. Rxf5 Rfe8 (24... Ne7 25. Rf6 Bd5 26. Bh6 Rfe8 27. Rcf1 $40) 25. Rcf1 {[%csl Gf1,Gf5,Gg3,Rg8][%cal Rf1f7][%mdl 128] Weiß verfügt über einen starken Angriff am Königsflügel.} Re7 26. Bg5 $16 {[%csl Yf6,Gg5,Yh6] Der schwarzfeldrige Läufer ist der Stolz der weißen Stellung.} Rae8 27. h3 (27. Bxe7 Rxe7 28. R5f2 $16) 27... a5 (27... Rxe5 28. Rxf7 $18) 28. R1f2 (28. Bxe7 Rxe7 29. Qg5 a4 30. Bxd5 Qxd5 31. R1f2) 28... a4 29. Bxd5 Qxd5 30. Bf6 $2 {Weiß nimmt nicht die Qualität, sondern möchte seinen schwarzfeldrigen Läufer auf dem Brett halten. Es wäre jedoch besser die Qualität zu nehmen.} (30. Bxe7 Rxe7 31. Kh2 $16) 30... Re6 31. Kh2 (31. Qg5 Qc5) 31... d6 $1 $132 {[%mdl 256]} 32. Qg5 (32. exd6 $2 Qxd6 $17) 32... dxe5 33. Qh6 Rxf6 34. Rxf6 Re7 {Schwarz hat schon zwei Bauern für die Qualität und seine Stellung ist fest.} 35. h4 $1 {[%cal Gh4h5] Weiß mobilisiert in Form seines h-Bauern seine Reserven.} e4 {[%csl Ge4][%cal Ge4e3]} 36. h5 Re5 {[%cal Re5h5,Rh5h2,Rh5h6]} 37. g4 {Dieser Zug schwächt die weiße Königsstellung.} e3 {[%cal Gc6h1]} 38. Rxf7 Qh1+ 39. Kg3 Qg1+ 40. Kh3 (40. Kh4 Qh1+) 40... Qh1+ 41. Rh2 Bg2+ 42. Kg3 Qe1+ 43. Kxg2 Kxf7 44. Qxh7+ Ke6 $11 {Nach forcierten Zügen besitzen beide Seiten Probleme mit ihrer Königsstellung.} 45. Qxg6+ Ke7 46. Qg7+ Ke6 47. Qg6+ Ke7 48. Qg7+ 1/2-1/2

[Event "Samba Cup 2nd"]
[Site "Skanderborg"]
[Date "2005.10.20"]
[Round "6"]
[White "Carlsen, Magnus"]
[Black "Ivanchuk, Vassily"]
[Result "1/2-1/2"]
[WhiteElo "2570"]
[BlackElo "2748"]
[PlyCount "65"]
[EventDate "2005.10.14"]
[EventType "tourn"]
[EventRounds "9"]
[EventCountry "DEN"]
[EventCategory "16"]
[SourceTitle "CBM 110"]
[Source "ChessBase"]
[SourceDate "2006.01.31"]
[SourceVersion "1"]
[SourceVersionDate "2006.01.31"]
[SourceQuality "1"]

1. e4 {Ribli,Zoltan} c5 2. Nf3 Nc6 3. d4 cxd4 4. Nxd4 e6 5. Nc3 a6 6. Be3 Nf6 7. Bd3 Qc7 8. O-O Ne5 9. Nf3 Neg4 ({RR} 9... Bd6 10. Nxe5 Bxe5 11. f4 Bxc3 12. bxc3 Qxc3 ({RR} 12... d6 13. c4 e5 14. Kh1 Ng4 15. Bg1 exf4 16. Rxf4 Ne5 17. Qh5 Be6 18. Bd4 O-O 19. Raf1 f6) 13. e5 ({RR} 13. Qf3 d5 ({RR} 13... b5 14. e5 ({RR} 14. Rab1 Bb7 15. a4) 14... Nd5 15. f5 Qxe5 16. fxe6 Qxe3+ 17. Qxe3 Nxe3 18. exf7+ Kf8 19. Rfe1) 14. e5 ({RR} 14. exd5 Nxd5 15. f5) 14... Ne4 15. Bxe4 dxe4 16. Qxe4 Bd7 17. Qd4 ({RR} 17. Rad1 Bc6 18. Qd4 Qxd4 ({RR} 18... Qxc2 19. Rd2) 19. Bxd4) 17... Qxd4 18. Bxd4 O-O 19. Rab1 Bb5 20. Rf2 Rac8 21. c3 Rc4) ({RR} 13. Rb1 Nxe4 14. Rb3 Qc6 15. Rb6 Qc3 16. Rb3 Qc6 17. Rb6 Qc3 18. Rb3) 13... Nd5 14. Bd2 Qd4+ ({RR} 14... Qc5+ 15. Kh1 b5 16. f5 Bb7 17. Qh5 ({RR} 17. fxe6 dxe6 18. Qg4 h5 19. Qxg7 O-O-O 20. Qxf7 Rhg8 21. Rf2 Nc7 22. Raf1 h4 23. h3 Rg3 24. Kh2 Rdg8 25. Rg1 Qd5) ({RR} 17. a4 b4 18. Qg4 g6 19. fxg6 hxg6 20. Rxf7 Ne3 ({RR} 20... Kxf7 21. Qxg6+) 21. Bxe3 Qxe5 22. Bg1 Qxa1 23. Bxg6 O-O-O ({RR} 23... Kd8 24. Qxb4 Bc6 25. a5 ({RR} 25. Be4 Rxh2+ 26. Kxh2 Qe5+ 27. Kh1 Qh5+ 28. Bh2 Qd1+ ({RR} 28... Qxf7 29. Bxc6 Qf1+ 30. Bg1 dxc6 31. Qd6+ Kc8 32. Qxc6+ Kb8 33. Qb6+ Kc8 34. Qxe6+ Kb8 35. Qe8+ Kb7 36. Qd7+ Kb8 37. c4))) 24. Qc4+ Kb8 25. Qf4+ Kc8) 17... O-O-O 18. Qe2 exf5 19. c4 bxc4 20. Bxc4 Nc7 21. Rfc1 Qa3 22. Rab1 Bc6 23. Bb4 Qa4 24. Bd6 f4 25. Qf2 Nb5 26. Bxb5 axb5 27. Qb6) 15. Kh1 b5 16. f5 exf5 ({RR} 16... Bb7 17. Qh5 ({RR} 17. fxe6 dxe6 18. Qh5 g6 19. Qf3 O-O 20. Bh6 Qxe5)) ({RR} 16... Qxe5 17. a4 ({RR} 17. Qg4)) 17. Qf3 g6 ({RR} 17... O-O 18. Qxf5 g6 19. Qf3) 18. c3 Qc5 19. c4 bxc4 20. Rac1 Bb7 ({RR} 20... c3 21. Bxc3 O-O 22. Bd2) 21. Bxc4 Bc6 22. Bb3 Qb5 23. Qg3 ({RR} 23. Bh6) 23... O-O 24. Rxf5 {Carlsen,M (2570)-Zhang,P (2613) Skanderborg 2005 CBM 110 [Ribli,Zoltan] ½-½ (48)} {RR} Ne7 25. Rf6 Bd5 26. Bh6 Rfe8 27. Rcf1) ({RR} 9... Nfg4) 10. Bd2 ({RR} 10. Bg5 h6 11. Bh4 Bd6 12. Bg3 Bxg3 13. hxg3 O-O 14. Qe2 d6 15. Rae1 b5 16. e5 dxe5 17. Nxe5 Nxe5 18. Qxe5 Qxe5 19. Rxe5 Bb7 20. a3 Rfd8 21. Rfe1 Rac8 22. f3 Nd7 23. R5e3 Nb6 24. Ne4 Na4 {Iljiushenok,I (2519)-Rublevsky,S (2683) Sochi 2017 0-1 (60)}) ({RR} 10. Qe2 Nxe3 11. Qxe3 d6 12. h3 Be7 13. e5 dxe5 14. Nxe5 O-O 15. Rfe1 b5 16. a3 Bb7 17. Rad1 Rac8 18. Re2 Rfd8 19. Rde1 Bf8 20. Ng4 Be7 21. Ne5 Nd5 22. Qf3 Bf6 23. Nxd5 Rxd5 24. Qg3 Rcd8 {Cordes,S (1950)-Stebbings,A (2276) Swidnica POL 2023 ½-½}) 10... d6 11. Ne2 $146 ({RR} 11. a4 b6 12. Qe2 Be7 13. h3 Ne5 14. Nxe5 dxe5 15. f4 O-O 16. Rae1 Bb7 17. f5 Rfe8 18. fxe6 fxe6 19. Bg5 Nd7 20. Bxe7 Rxe7 21. Bc4 Qc5+ 22. Kh1 Qb4 23. Rf3 Nf6 {½-½ (23) Dembo,Y (2461)-Delchev,A (2661) Cappelle la Grande 2006}) ({RR} 11. a3 Be7 12. h3 Ne5 13. Nxe5 dxe5 14. b4 O-O 15. Qe2 Bd7 16. Nd1 Rfd8 17. c4 Bc6 18. Bc3 Nh5 19. g3 Nf6 20. Nb2 b6 21. Bc2 Bb7 22. Rfd1 h6 23. Rxd8+ Rxd8 24. Rd1 Rc8 25. f3 a5 {Borriss,M (2455)-Ribli,Z (2584) Germany 2007 ½-½ (39)}) 11... Be7 12. c4 O-O 13. Rc1 b6 14. Nc3 Bb7 15. Qe2 Nd7 16. b3 Rfe8 17. Rfd1 Rad8 18. Bb1 Ngf6 19. Bf4 Ne5 20. Nxe5 dxe5 21. Be3 Rxd1+ 22. Rxd1 b5 23. f3 Qa5 24. Rc1 bxc4 25. Qxc4 Ba3 26. Rc2 Rd8 27. Kf2 h6 28. Ke2 Bb4 29. Na4 Nd7 30. Qc7 Qb5+ 31. Qc4 Qa5 32. Qc7 Qb5+ 33. Qc4 1/2-1/2

[Event "Samba Cup 2nd"]
[Site "Skanderborg"]
[Date "2005.10.21"]
[Round "7"]
[White "Bruzon Batista, Lazaro"]
[Black "Carlsen, Magnus"]
[Result "1-0"]
[WhiteElo "2677"]
[BlackElo "2570"]
[Annotator "Postny,Evgeny"]
[PlyCount "59"]
[EventDate "2005.10.14"]
[EventType "tourn"]
[EventRounds "9"]
[EventCountry "DEN"]
[EventCategory "16"]
[SourceTitle "CBM 110"]
[Source "ChessBase"]
[SourceDate "2006.01.31"]
[SourceVersion "1"]
[SourceVersionDate "2006.01.31"]
[SourceQuality "1"]

1. e4 c5 2. Nf3 e6 3. d3 {Avoiding the main lines of Paulsen.} Nc6 4. g3 g6 5. Bg2 Bg7 6. O-O Nge7 7. c3 O-O 8. d4 cxd4 9. cxd4 d5 10. e5 {A "French type" pawn structure has arised.} f6 (10... Qb6 11. Nc3 Nf5 12. Na4 Qc7 13. Bf4 b5 14. Nc3 Qb6 15. Ne2 f6 16. exf6 Bxf6 17. Be5 Nxe5 18. dxe5 Be7 19. Qd2 Bd7 20. Kh1 Kg7 21. g4 Nh6 22. h3 Nf7 23. Ned4 $14 {½-½ Psakhis,L (2610)-Shaked,T (2445)/Honolulu 1997/EXT 98 (30)}) (10... Nf5 11. Nc3 f6 12. g4 Nfe7 13. exf6 Rxf6 14. Be3 Rf8 15. Qd2 Bd7 16. h3 Nc8 17. Rfe1 Nd6 18. b3 Qa5 19. Rac1 Rac8 $11 {1-0 Zhang Zhong (2607)-Kobalija,M (2581)/Ubeda 2001/CBM 080 ext (64)}) 11. Re1 fxe5 ({A highly interesting game was played earlier this year:} 11... Nf5 12. Nc3 Kh8 13. g4 Nh4 14. Nxh4 fxe5 15. Nxg6+ hxg6 16. dxe5 Nxe5 17. Be3 Qf6 18. Bc5 Rf7 19. Re3 Qxf2+ 20. Kh1 Kg8 $2 (20... Qf4 $1) 21. Nxd5 $1 exd5 22. Qxd5 Bd7 23. Rxe5 Qxb2 24. Rf1 Qxg2+ 25. Kxg2 Bc6 26. Qxc6 bxc6 27. Rxf7 Bxe5 28. Re7 Bf4 29. Rxa7 $16 {1-0 Vescovi,G (2645)-Volokitin,A (2685)/Bermuda BER 2005/The Week in Chess 535 (44)}) ({RR} 11... Qb6 12. Nc3 Nf5 13. Na4 Qc7 14. g4 fxe5 15. gxf5 e4 16. fxe6 exf3 17. Bxf3 Nxd4 18. Bxd5 Rxf2 19. e7+ Be6 20. Bxe6+ Nxe6 21. Kxf2 Qxh2+ 22. Ke3 Qg3+ 23. Kd2 Qg5+ 24. Kc2 Qf5+ 25. Kd2 Qg5+ 26. Kc2 {Amin,B (2652)-Vitiugov,N (2741) Antalya 2013 ½-½}) 12. dxe5 Rf5 $146 {[%csl Re5] Quite an awkward move, but Carlsen's idea is rather concrete.} (12... h6 13. h4 Nf5 14. Nc3 Bd7 15. Bf4 Rc8 (15... Be8 16. Qd2 Rc8 17. Rac1 Rc7 18. Nh2 Rcf7 19. Ng4 Kh7 20. b3 $2 Nxh4 $17 {1-0 Morozevich,A (2718)-McDonald,N (2389)/Birmingham 2002/CBM 084 ext (48)}) 16. Qd2 Kh7 17. Rad1 Qa5 18. Nh2 d4 19. Ng4 h5 20. Nf6+ Bxf6 21. exf6 e5 22. Bg5 Be6 23. Ne4 $16 {1-0 Vescovi,G (2592)-Markowski,T (2574)/Bermuda 2003/CBM 094 (59)}) (12... Bd7 13. Nc3 Rc8 14. Bf4 Nf5 15. Qd2 Na5 16. b3 b5 $4 (16... h6) 17. Bg5 Qb6 18. g4 $18 {[%csl Rf5] 1-0 Ljubojevic,L (2565)-Tatai,S (2430)/Manila 1973/EXT 98 (24)}) ({RR} 12... Bd7 13. Nc3 a6 14. Bf4 h6 15. h4 Qb6 16. Qd2 h5 17. Rac1 Rf5 18. Bh3 Rff8 19. Ng5 Nf5 20. Nxd5 exd5 21. Qxd5+ Kh8 22. Qxd7 Ncd4 23. Bg2 Qxb2 24. Rb1 Qxa2 25. Rxb7 Qa5 26. Rd1 Ne2+ 27. Kh2 {Andrews,T (2097)-Alazmi,A (1745) chess.com INT 2025 1-0 (50)}) 13. Bf4 $146 ({RR} 13. Bh3 Nxe5 14. Bxf5 Nxf3+ 15. Qxf3 Nxf5 16. Nc3 Nd4 17. Qd1 Qf8 18. Kg2 Qf5 19. g4 Qf7 20. f4 Bd7 21. h3 Bc6 22. Be3 Nf5 23. gxf5 d4+ 24. Kh2 Qxf5 25. Rc1 dxc3 26. bxc3 Qe4 27. Qc2 Qc4 {Amin,B (2641)-Prathamesh,S (2389) Dubai 2013 1-0 (43)}) 13... Qf8 14. Qd2 ({Bruzon was probably concerned about a possible exchange sacrifice:} 14. Nc3 Rxf4 $5 15. gxf4 Qxf4 $44) 14... g5 15. Nxg5 Ng6 16. Nc3 Nxf4 (16... Ncxe5 $6 17. Bxe5 Nxe5 (17... Rxe5 18. f4 Rxe1+ 19. Rxe1 $16 {[%csl Re6]}) 18. f4 Nc4 19. Qe2 Nxb2 20. Rac1 $1 (20. Qxb2 $2 Qc5+ {[%csl Rc3,Rg1]}) (20. Nxe6 $2 Bxe6 21. Qxe6+ Kh8 22. Nxd5 Nd3 $17 {[%csl Ra1,Re1,Rg1]}) 20... Qc5+ (20... Rxg5 21. fxg5 Qc5+ 22. Kh1 Bxc3 23. Qxb2 Bxb2 24. Rxc5 $18) 21. Kh1 Bxc3 22. Nxe6 Bxe6 23. Qxe6+ Rf7 24. Bxd5 Raf8 25. Re3 Na4 26. Bb3 $18) 17. gxf4 Rxf4 {It looks like black is doing great, but the next move frustrates his plans...} {[%tqu "En","What would you suggest for Black?","","","c3d5","White does not get anything concrete after this, the idea of the sacrifice is rather positional.",20]} 18. Nxd5 $3 {[%mdl 512] White does not get anything concrete after this, the idea of the sacrifice is rather positional.} exd5 19. Qxd5+ Kh8 20. e6 {[%csl Ya8,Yc8] Black's queenside pieces are out of play now, which gives white a definite compensation for the sacrificed piece. It's extremely hard to evaluate this position, but it's clear that psychologically it's much easier to play this position as white.} Qe7 (20... Bxb2 21. Nf7+ Rxf7 22. exf7 Bxa1 23. Re8 Bg4 24. Qe4 Bh5 25. Rxf8+ Rxf8 26. Qb1 Bg7 27. Qxb7 Ne5 {[%csl Rf7]} 28. Qxa7 Rxf7 $13) 21. Rad1 Nd4 22. Kh1 $1 {Calmly played. White simply moving his king to a safer square clearly indicating that he is not really concerned about opponent's extra piece...} (22. Nf7+ Kg8 23. Qd8+ Qxd8 24. Nxd8 {[%csl Ge6][%cal Ge6e7,Ge7e8]} Kf8 25. e7+ Ke8 26. Nxb7 Bxb7 27. Bxb7 Rb8 28. Rxd4 Rxd4 29. Bc6+ Rd7 $17) 22... Rb8 23. Re5 Nc6 $2 {The decisive mistake.} (23... Bd7 $3 24. Rxd4 (24. exd7 Bxe5 25. Ne6 Qxe6 26. d8=Q+ Rxd8 27. Qxd8+ Qg8 $19) (24. Qxd7 Qxd7 25. exd7 Bxe5 26. Re1 h6 27. Rxe5 hxg5 28. Re8+ Rf8 $19) 24... Bc6 25. Rxf4 $1 Bxd5 26. Nf7+ Kg8 27. Bxd5 Bxe5 28. Nxe5 {[%cal Gf4g4]} h5 29. Rf3 {[%cal Gf3g3]} Qb4 30. e7+ (30. Nd7 Qb5 {[%cal Gb5f1,Gb5d5]} 31. e7+ Kg7 32. Rg3+ Kh8 33. Nxb8 Qxd5+ 34. Kg1 Qd1+ 35. Kg2 Qd5+ $11) 30... Kg7 31. Rf7+ Kh6 32. Rf6+ Kg7 33. Rf7+ Kh6 $11) 24. Rf5 $18 Bxe6 {Desperation. However, the alternatives are not better.} (24... Rg4 25. Nf7+ Kg8 26. Nd8 {[%cal Cc6b4,Cb4d5,Gf5f7,Gd8c6]} Nb4 27. Qb3 $18) (24... Rxf5 25. Qxf5 Bf6 26. Bxc6 bxc6 27. Rd8+ Qxd8 28. Qxh7#) 25. Nxe6 Rxf5 26. Qxf5 Bxb2 {The position is now materially equal, but white's attack is irresistible.} 27. Be4 Rg8 28. Rd3 {[%csl Rh7][%cal Gd3h3]} Ne5 29. Rb3 (29. Rh3 $18) 29... Qh4 30. Rh3 1-0